000 00247nam a2200097Ia 4500
005 20251222114351.0
008 251222s1900||||xx |||||||||||||| ||spa||
082 _aDVD0095/C515Q
245 0 _aEnciclopedia Audiovisual Educativa: QuĂ­mica:
942 _cDVD
999 _c1257
_d1257